¿Cómo crear empresas familiares?
Presenta las diferentes etapas para la elaboración de empresas familiares desde identificación, formulación, evaluación hasta la planificación de ella.
| Main Authors: | , |
|---|---|
| Other Authors: | |
| Format: | Tesis Section = Libro |
| Language: | Undetermined Spanish |
| Published: |
Managua
UNI
2010
|
| Subjects: |
| LEADER | 00877nam a2200241Ia 4500 | ||
|---|---|---|---|
| 008 | 240830s9999 xx 000 0 und d | ||
| 040 | |a BIBLIOTECA-RUSB/ T.Mon 658 B641 | ||
| 041 | |a spa | ||
| 082 | |a T.Mon 658 B641 | ||
| 100 | 1 | |a Blanco Cruz, Freddy Camilo | |
| 100 | 1 | |b Ortega Páramo, Danny | |
| 245 | 1 | 0 | |a ¿Cómo crear empresas familiares? |
| 260 | |a Managua |b UNI |c 2010 | ||
| 300 | |a 80 p. :il. | ||
| 502 | |a Tesis (Ingeniero Electrónico) - UNI, 2010. | ||
| 520 | 3 | |a Presenta las diferentes etapas para la elaboración de empresas familiares desde identificación, formulación, evaluación hasta la planificación de ella. | |
| 650 | 7 | |a ADMINISTRACIÓN DE EMPRESAS | |
| 650 | 7 | |b INICIACIÓN DE EMPRESAS | |
| 650 | 7 | |c DESARROLLO DE LA EMPRESA FAMILIAR | |
| 700 | 1 | |a Tutor: |b Flores Quintana, Gloria Thalía | |
| 942 | |c BK |2 ddc | ||
| 991 | |a TESIS | ||
| 999 | |c 21900 | ||